Beast feast / (Record no. 9466)

MARC details
000 -LEADER
fixed length control field 00840nam a22002777a 4500
001 - CONTROL NUMBER
control field 9466
003 - CONTROL NUMBER IDENTIFIER
control field FISKH
005 - DATE AND TIME OF LATEST TRANSACTION
control field 20260113160931.0
008 - FIXED-LENGTH DATA ELEMENTS--GENERAL INFORMATION
fixed length control field 260113b cb ||||| |||| 00| 0 eng d
020 ## - INTERNATIONAL STANDARD BOOK NUMBER
International Standard Book Number 9780152017378
040 ## - CATALOGING SOURCE
Original cataloging agency FISKH
Language of cataloging eng
Transcribing agency FISKH
Modifying agency FISKH
050 ## - LIBRARY OF CONGRESS CALL NUMBER
Classification number PS3556.L589 B4
082 ## - DEWEY DECIMAL CLASSIFICATION NUMBER
Classification number 811.54
100 ## - MAIN ENTRY--PERSONAL NAME
Personal name Florian , Douglas
245 ## - TITLE STATEMENT
Title Beast feast /
Remainder of title By Douglas Florian
250 ## - EDITION STATEMENT
Edition statement First Voyager Books Edition 1998
260 ## - PUBLICATION, DISTRIBUTION, ETC.
Place of publication, distribution, etc. San Diego :
Name of publisher, distributor, etc. Voyager books ,
Date of publication, distribution, etc. 1994 .
300 ## - PHYSICAL DESCRIPTION
Extent 47 pages :
Other physical details color illustrations ;
Dimensions 25 cm .
505 ## - FORMATTED CONTENTS NOTE
Formatted contents note M <br/>
520 ## - SUMMARY, ETC.
Summary, etc. A collection of humorous poems about such animals as the walrus, anteater, and boa.<br/>
521 8# - TARGET AUDIENCE NOTE
Target audience note 530 <br/>
Source Lexile estimate <br/>
521 8# - TARGET AUDIENCE NOTE
Target audience note M <br/>
Source Raz-Plus<br/>
650 ## - SUBJECT ADDED ENTRY--TOPICAL TERM
Topical term or geographic name entry element Animals
Form subdivision Juvenile poetry
942 ## - ADDED ENTRY ELEMENTS (KOHA)
Source of classification or shelving scheme Dewey Decimal Classification
Koha item type Books
Suppress in OPAC No
Holdings
Withdrawn status Lost status Source of classification or shelving scheme Damaged status Not for loan Collection Home library Current library Shelving location Date acquired Total Checkouts Full call number Barcode Date last seen Price effective from Koha item type
    Dewey Decimal Classification     Juvenile Fiction Footprints International School Library Network Toul Tom Poung Campus Footprints International School Library Network Toul Tom Poung Campus TTP Primary Yellow Bookshelves 01/13/2026   FLO 811.54 PS3556.L589 B4 FIS03334 01/13/2026 01/13/2026 Books